Машины для содержания городских и автомобильных дорог (Запись № 11081351)

Подробности
000 -МАРКЕР
контрольное поле 02472nam1a2200313 i 4500
001 - ИДЕНТИФИКАТОР ЗАПИСИ
контрольное поле RU\NLR\BIBL_A\011321555
005 - ИДЕНТИФИКАТОР ВЕРСИИ
контрольное поле 20260405175343.0
010 ## - МЕЖДУНАРОДНЫЙ СТАНДАРТНЫЙ НОМЕР КНИГИ (ISBN)
Номер (ISBN) 9785943850936
035 ## - ДРУГИЕ СИСТЕМНЫЕ НОМЕРА
Идентификатор записи (NLR Aleph) 011321555
100 ## - ДАННЫЕ ОБЩЕЙ ОБРАБОТКИ
Данные общей обработки 20170119g20139999u y0rusy50 ca
101 0# - ЯЗЫК РЕСУРСА
Язык текста, звукозаписи и т.д. русский
102 ## - СТРАНА ПУБЛИКАЦИИ ИЛИ ПРОИЗВОДСТВА
Страна публикации Российская Федерация
105 ## - ПОЛЕ КОДИРОВАННЫХ ДАННЫХ: ТЕКСТОВЫЕ МАТЕРИАЛЫ, МОНОГРАФИЧЕСКИЕ
Кодированные данные о монографическом текстовом документе j
200 1# - ЗАГЛАВИЕ И СВЕДЕНИЯ ОБ ОТВЕТСТВЕННОСТИ
Основное заглавие Машины для содержания городских и автомобильных дорог
Сведения, относящиеся к заглавию учебное пособие для студентов вузов, обучающихся по специальности "Подъемно-траснпортные, строительные, дорожные машины и оборудование" направления подготовки "Транспортные машины и транспортно-технологические комплексы" и "Сервис транспортных и технологических машин и оборудования (Строительные, дорожные и коммунальные машины)" направления подготовки "Эксплуатация наземного транспорта и транспортного оборудования"
Первые сведения об ответственности В.И. Баловнев, Р.Г. Данилов, А.Г. Савельев
Последующие сведения об ответственности под общ. ред. засл. деят. науки и техники РФ, акад. Рос. акад. трансп., д.т.н., проф. В.И. Баловнева
210 ## - ПУБЛИКАЦИЯ, РАСПРОСТРАНЕНИЕ И ДР.
Место издания, распространения и т.д. Москва
Имя издателя, распространителя и т. д. Техполиграфцентр
Дата издания, распространения и т.д. 2013
215 ## - ФИЗИЧЕСКАЯ ХАРАКТЕРИСТИКА
Размеры 22
606 ## - НАИМЕНОВАНИЕ ТЕМЫ КАК ПРЕДМЕТ
Наименование темы Дорожные машины
Формальный подзаголовок Учебные издания для высших учебных заведений
Системный номер авторитетной/нормативной записи 1046082
Идентификатор авторитетной/нормативной записи RU\NLR\auth\6685559
606 ## - НАИМЕНОВАНИЕ ТЕМЫ КАК ПРЕДМЕТ
Наименование темы Машины для коммунальных работ
Формальный подзаголовок Учебные издания для высших учебных заведений
Системный номер авторитетной/нормативной записи 1056360
Идентификатор авторитетной/нормативной записи RU\NLR\auth\6690879
686 1# - ИНДЕКСЫ ДРУГИХ КЛАССИФИКАЦИЙ
Индекс О311-06-5я73-1
686 1# - ИНДЕКСЫ ДРУГИХ КЛАССИФИКАЦИЙ
Индекс Н9-5я73-1
700 #1 - ИМЯ ЛИЦА - ПЕРВИЧНАЯ ОТВЕТСТВЕННОСТЬ
Начальный элемент ввода Баловнев
Часть имени, кроме начального элемента ввода В. И.
Расширение инициалов личного имени Владилен Иванович
701 #1 - ИМЯ ЛИЦА - АЛЬТЕРНАТИВНАЯ ОТВЕТСТВЕННОСТЬ
Графика поля Кириллица
Материалы, к которым относится поле rus
Начальный элемент ввода Данилов
Часть имени, кроме начального элемента ввода Р. Г.
Дополнения к именам, кроме дат канд. техн. наук
Расширение инициалов личного имени Роман Геннадиевич
Системный номер авторитетной/нормативной записи 157356
Идентификатор авторитетной/нормативной записи RU\NLR\AUTH\770157396
701 #1 - ИМЯ ЛИЦА - АЛЬТЕРНАТИВНАЯ ОТВЕТСТВЕННОСТЬ
Материалы, к которым относится поле rus
Графика поля Кириллица
Начальный элемент ввода Савельев
Часть имени, кроме начального элемента ввода А. Г.
Дополнения к именам, кроме дат д-р техн. наук
Расширение инициалов личного имени Андрей Геннадьевич
Идентификатор авторитетной/нормативной записи RU\NLR\AUTH\7776450
Системный номер авторитетной/нормативной записи 59378
852 ## - МЕСТОНАХОЖДЕНИЕ И ШИФР ХРАНЕНИЯ
Идентификатор организации NLR
Шифр хранения (Call Number) 2017-5/313
942 ## - ДОПОЛНИТЕЛЬНЫЕ ЭЛЕМЕНТЫ ЗАПИСИ (АБИС)
Тип экземпляра АБИС Книга
980 ## - КОЛЛЕКЦИЯ
Название коллекции НБР

Нет доступных экземпляров.